000 00366nam a2200157Ia 4500
003 OSt
005 20240217124159.0
008 170524s9999 xx 000 0 und d
020 _a978-0070635463
040 _cIIMT UNIVERSITY MEERUT
100 _aDas Sumitabha
245 0 _aUnix: Concepts and App.
260 _bTMH New Delhi
260 _c2007
942 _2ddc
_c02
999 _c4698
_d4698